ロード中...

THE SURYA SIDDHANTA

書誌詳細
その他の著者: SUDHAKARA DVIVEDI
フォーマット: Printed Book
出版事項: CALCUTTA ASIATIC SOCIETY 1911
主題:
LEADER 00405nam a2200169 4500
020
082
100
245 |a THE SURYA SIDDHANTA  |h SANSKRIT 
250
260 |a CALCUTTA  |b ASIATIC SOCIETY  |c 1911 
300 |f HB 
650 |a THE SURYA SIDDHANTA 
700 |a SUDHAKARA DVIVEDI 
942 |c BK 
999 |c 161190  |d 161190 
952 |0 0  |1 0  |4 0  |7 0  |9 174647  |a ORI  |b ORI  |l 0  |p ORIS2920  |r 2019-10-25  |w 2019-10-25  |y BK